Nombres antiguos de las calles de Monterrey. - Estadísticas

Estadísticas generales
  • Esta prueba ha sido intentada 15 veces
  • La puntuación promedio es 7 de 20
Estadísticas de respuestas
Hint Respuesta % Correcto
Calzada Libertad Avenida José Eleuterio González
77%
Calzada Unión Calzada Francisco I. Madero
77%
Del Roble Avenida Benito Juárez
69%
Calle del Hospital Cuauhtémoc
54%
Calle del Ojo de Agua Ignacio Zaragoza
54%
Calzada Progreso Avenida José Ma. Pino Suárez
46%
De la Zona Oriente Félilx Uresti Gómez
46%
De los Panteones Silvestre Aramberri
46%
De la Zona Norte Avenida Cristóbal Colón
38%
De las Damas Capitán Emilio Carranza
38%
Calle del Teatro Mariano Escobedo
38%
Calle del Puente Nuevo Zuazua
38%
Calle del Aguacate Ignacio Allende
31%
Calle de Terán Juan Ignacio Ramón
23%
De Bolívar Padre Mier
23%
Luis Ghilardi Héroes del 47
15%
Colegio de Niñas José María Abasolo
15%
De la Alameda Nueva Amado Nervo
8%
Calle de las Tenerías General Vicente Riva Palacio
0%
Calle de Las Flores Serafín Peña
0%
No se encontraron pruebas coincidentes
Distribución de puntuación
Porcentaje de gente con cada puntuación
Porcentaje por número respondido
Historial de tus puntuaciones
No has intentado esta prueba.